000 00718nam a2200289Ia 4500
005 20260324140020.0
008 008 260324s9999 xx 000 0 eng d
020 _a9781003548263
037 _aEBOOK
040 _aCRL
040 _beng
040 _cCRL
041 _2eng
041 _aeng
084 _qCRL
100 _aWarren J Samuels; Malcolm Rutherford
_91202807
245 0 _aClassics in Institutional Economics, Part II, Volume 9
245 0 _bSucceeding Generations
260 _bTaylor and Francis
260 _c1999
365 _a
365 _b145
856 _uhttp://www.taylorfrancis.com/books/9781003548263
942 _cEBOOK
999 _c1804427
_d1804427